[Event "Titled Tue 24th Jun Early"]
[Site "chess.com INT"]
[Date "2025.06.24"]
[Round "7"]
[White "Mata Gonzalez, Jose Fernando"]
[Black "Zdorov, Egor Vit"]
[Result "0-1"]
[WhiteTitle "CM"]
[BlackTitle "CM"]
[WhiteElo "2164"]
[BlackElo "2101"]
[WhiteFideId "5107423"]
[BlackFideId "55688560"]
[EventDate "2025.06.24"]

1. e4 e5 2. Nf3 Nc6 3. Bc4 Bc5 4. c3 Nf6 5. d3 O-O 6. Bg5 h6 7. Bh4 Be7 8. O-O
d6 9. Nbd2 Na5 10. Bb3 Nxb3 11. axb3 Nh5 12. Bxe7 Qxe7 13. g3 g6 14. Qe1 f5 15.
exf5 Bxf5 16. Ne4 Bh3 17. Qe3 Bxf1 18. Rxf1 Kg7 19. Nh4 Nf6 20. Nd2 a6 21. Qf3
c6 22. Qg2 Rae8 23. Ne4 Nxe4 24. Qxe4 Qe6 25. b4 g5 26. Ng2 Qf5 27. Qe1 Qxd3 28.
Ne3 d5 29. Qc1 Qg6 30. g4 Rf4 31. Nf5+ Rxf5 32. gxf5 Qxf5 33. Qe3 Qg4+ 34. Kh1
Qe4+ 35. Qxe4 dxe4 36. Re1 Rd8 37. Rxe4 Kf6 38. Re2 Kf5 39. f3 Kf4 40. Kg2 Rd3
41. Re4+ Kf5 42. Re2 h5 43. h3 h4 44. Kf2 Ke6 45. Kg2 Kd5 46. Kf2 Rd1 47. Kg2 b6
48. Kf2 a5 49. bxa5 bxa5 50. Kg2 Rd3 51. Kf2 a4 52. Kg2 a3 53. bxa3 Rxc3 54.
Rd2+ Ke6 55. Ra2 Rc5 56. a4 Ra5 57. Kf2 Kd5 58. Ke3 c5 59. Kd3 c4+ 60. Kc3 Kc5
61. Rb2 Rxa4 62. Re2 Ra3+ 63. Kc2 Ra2+ 64. Kd1 Rxe2 65. Kxe2 Kd4 0-1

[Event "Titled Tue 24th Jun Early"]
[Site "chess.com INT"]
[Date "2025.06.24"]
[Round "7"]
[White "Calvo Gonzalez, Jose Felix"]
[Black "Vaganian, Rafael A"]
[Result "0-1"]
[WhiteTitle "CM"]
[BlackTitle "GM"]
[WhiteElo "2168"]
[BlackElo "2449"]
[WhiteFideId "54505615"]
[BlackFideId "13300016"]
[EventDate "2025.06.24"]

1. e4 e6 2. d4 d5 3. Nd2 c5 4. exd5 exd5 5. Ngf3 Nc6 6. dxc5 Bxc5 7. Nb3 Bb6 8.
Bd3 Nf6 9. O-O O-O 10. Bg5 Bg4 11. c3 h6 12. Bh4 g5 13. Bg3 Ne4 14. Bc2 Re8 15.
Qd3 h5 16. h3 Bf5 17. Bh2 Ng3 18. Qd1 Bxc2 19. Qxc2 Nxf1 20. Rxf1 Qf6 21. Qd2 g4
22. hxg4 hxg4 23. Ne1 Rad8 24. Bg3 d4 25. c4 d3 26. c5 Ba5 27. Nxa5 Nxa5 28. Bc7
Nc4 29. Qc1 d2 30. Qxc4 dxe1=Q 31. Bxd8 Qfxf2+ 32. Kh2 0-1

[Event "Titled Tue 24th Jun Early"]
[Site "chess.com INT"]
[Date "2025.06.24"]
[Round "7"]
[White "Jakubowski, Krzysztof"]
[Black "Wahedi, Ahmad Siar"]
[Result "1-0"]
[WhiteTitle "GM"]
[BlackTitle "FM"]
[WhiteElo "2448"]
[BlackElo "2239"]
[WhiteFideId "1112848"]
[BlackFideId "4651260"]
[EventDate "2025.06.24"]

1. e4 e6 2. d4 d5 3. Nc3 Bb4 4. e5 Ne7 5. a3 Bxc3+ 6. bxc3 c5 7. h4 Qc7 8. Nf3
Bd7 9. h5 h6 10. Bd3 c4 11. Be2 Ba4 12. O-O Nd7 13. Bf4 b5 14. Qd2 Nb6 15. Nh2
Qd7 16. Bg4 O-O-O 17. Bh3 Qe8 18. Rfe1 Qg8 19. Nf1 Qh7 20. Re2 Rdg8 21. Kh1 g6
22. hxg6 Qxg6 23. Ne3 h5 24. Bh2 Kb7 25. Rf1 Qh7 26. f4 Rg4 27. f5 exf5 28. Ref2
f4 29. Bxf4 Qe4 30. Bh2 Rh4 31. Rf4 Rxf4 32. Rxf4 Qg6 33. Qf2 Rh7 34. Rf6 Qe4
35. Bg1 Ka6 36. Rxf7 Rxf7 37. Qxf7 Nec8 38. Qf6 Ka5 39. Qd8 1-0

[Event "Titled Tue 24th Jun Early"]
[Site "chess.com INT"]
[Date "2025.06.24"]
[Round "7"]
[White "Shubenkova, Veronika"]
[Black "Guliev, Gasan"]
[Result "1-0"]
[WhiteTitle "WFM"]
[BlackTitle "CM"]
[WhiteElo "2031"]
[BlackElo "2123"]
[WhiteFideId "44124040"]
[BlackFideId "34165638"]
[EventDate "2025.06.24"]

1. d4 Nf6 2. e3 e6 3. f4 d5 4. Nf3 Bd6 5. c3 O-O 6. Bd3 c5 7. Ne5 Nc6 8. Nd2
cxd4 9. exd4 Nd7 10. Qe2 f6 11. Nxc6 bxc6 12. Qxe6+ Kh8 13. Qxd6 Qe8+ 14. Kd1
Qh5+ 15. Nf3 c5 16. dxc5 Re8 17. Bd2 Rb8 18. c6 Nb6 19. Qxb8 Ba6 20. Qxe8+ Qxe8
21. Bxa6 Qxc6 22. Nd4 Qd7 23. Re1 h5 24. Kc2 Qa4+ 25. b3 Qxa6 26. Re7 Qc8 27.
Rae1 Kh7 28. Ne6 Qa6 29. Rxg7+ Kh8 30. a4 d4 31. Rc7 d3+ 32. Kc1 Nxa4 33. Nc5
Qb5 34. Nxa4 1-0

[Event "Titled Tue 24th Jun Early"]
[Site "chess.com INT"]
[Date "2025.06.24"]
[Round "7"]
[White "Zlatin, Alexander"]
[Black "Jiang, Andrew"]
[Result "1-0"]
[WhiteTitle "FM"]
[BlackTitle "FM"]
[WhiteElo "2313"]
[BlackElo "2242"]
[WhiteFideId "2810549"]
[BlackFideId "30953510"]
[EventDate "2025.06.24"]

1. e4 e5 2. Nf3 Nc6 3. Bc4 Bc5 4. c3 Nf6 5. d3 d6 6. Bb3 a5 7. a4 O-O 8. h3 Ba7
9. Nbd2 d5 10. Qe2 Kh8 11. Nf1 h6 12. g4 Be6 13. Bc2 dxe4 14. dxe4 Nd7 15. Ng3
Nc5 16. Nf5 Bxf5 17. gxf5 Qf6 18. h4 Qd6 19. Be3 Rad8 20. Rd1 Qe7 21. O-O Bb6
22. Kh2 Nd7 23. Kh3 Bxe3 24. Qxe3 Nc5 25. Rd5 b6 26. Rfd1 Rxd5 27. exd5 Nb8 28.
Qxe5 Qd8 29. d6 c6 30. Qe7 Qxe7 31. dxe7 Re8 32. Rd8 1-0

[Event "Titled Tue 24th Jun Early"]
[Site "chess.com INT"]
[Date "2025.06.24"]
[Round "7"]
[White "Kislinsky, Alexey"]
[Black "Cherepov, Alexej"]
[Result "1-0"]
[WhiteTitle "GM"]
[BlackTitle "CM"]
[WhiteElo "2341"]
[BlackElo "2083"]
[WhiteFideId "14108801"]
[BlackFideId "13503650"]
[EventDate "2025.06.24"]

1. d4 d5 2. c4 dxc4 3. e3 Be6 4. Na3 c5 5. Nf3 Nc6 6. dxc5 Qxd1+ 7. Kxd1 Nf6 8.
Bxc4 Bxc4 9. Nxc4 Ne4 10. Ke2 Nxc5 11. b3 e6 12. Bb2 f6 13. Rhd1 Rd8 14. Rxd8+
Kxd8 15. Rd1+ Kc7 16. Nd4 Nxd4+ 17. Bxd4 Be7 18. Bb2 Rd8 19. Rxd8 Kxd8 20. f3
Kd7 21. e4 b6 22. Ne3 Kc6 23. Nc2 e5 24. Ne3 Ne6 25. Nd5 Bc5 26. Kd3 a6 27. a4
a5 28. Kc4 h5 29. h3 h4 30. Bc3 Bf2 31. b4 axb4 32. Nxb4+ Kd6 33. Nd5 Kc6 34.
Bb4 Bc5 35. Be1 Nd4 36. Bxh4 Ne2 37. Be1 Nf4 38. Nxf4 exf4 39. Bd2 g5 40. h4
gxh4 41. Bxf4 Be7 42. Be3 Bd6 43. Bf2 Be5 44. Bxh4 Bb2 45. g4 Ba1 46. Be1 Bb2
47. Bc3 Bc1 48. Bxf6 Be3 49. g5 1-0

[Event "Titled Tue 24th Jun Early"]
[Site "chess.com INT"]
[Date "2025.06.24"]
[Round "7"]
[White "Burmakin, Evgeniy"]
[Black "Warchol, Kamil"]
[Result "1-0"]
[WhiteTitle "FM"]
[BlackTitle "FM"]
[WhiteElo "2110"]
[BlackElo "2113"]
[WhiteFideId "4163729"]
[BlackFideId "21858241"]
[EventDate "2025.06.24"]

1. e4 c6 2. Nc3 d5 3. Nf3 Bg4 4. d4 dxe4 5. Nxe4 Nd7 6. Bc4 Ngf6 7. Nxf6+ exf6
8. c3 Bd6 9. Qb3 O-O 10. Qxb7 Re8+ 11. Be3 Bf4 12. O-O Bxe3 13. fxe3 Rxe3 14.
Rae1 Rxe1 15. Rxe1 Rb8 16. Qxc6 Rxb2 17. h3 Bxf3 18. gxf3 Qb8 19. Bxf7+ Kxf7 20.
Qxd7+ Kf8 21. Qe7+ Kg8 22. Qe6+ Kf8 23. f4 Rd2 24. Qe7+ Kg8 25. Qd7 1-0

[Event "Titled Tue 24th Jun Early"]
[Site "chess.com INT"]
[Date "2025.06.24"]
[Round "7"]
[White "Smieszek, Wojciech"]
[Black "Tekeyev, Zaur"]
[Result "1-0"]
[WhiteTitle "CM"]
[BlackTitle "IM"]
[WhiteElo "2141"]
[BlackElo "2407"]
[WhiteFideId "1156047"]
[BlackFideId "4199731"]
[EventDate "2025.06.24"]

1. e4 c5 2. Nf3 d6 3. d4 cxd4 4. Nxd4 Nf6 5. Nc3 a6 6. Be3 e5 7. Nb3 Be6 8. Qd2
Nbd7 9. O-O-O b5 10. f4 Qc7 11. f5 Bxb3 12. axb3 Rc8 13. Bd3 d5 14. Nxd5 Nxd5
15. exd5 Bc5 16. g4 O-O 17. g5 e4 18. Bxe4 Rfe8 19. d6 Qb6 20. Bxc5 Nxc5 21. Bd5
Red8 22. g6 Kh8 23. Bxf7 b4 24. f6 gxf6 25. Qh6 Nxb3+ 26. Bxb3 1-0

[Event "Titled Tue 24th Jun Early"]
[Site "chess.com INT"]
[Date "2025.06.24"]
[Round "7"]
[White "Liu, Xiangyi"]
[Black "Omariev, Maksim"]
[Result "1-0"]
[WhiteTitle "IM"]
[BlackTitle "FM"]
[WhiteElo "2370"]
[BlackElo "2304"]
[WhiteFideId "8605718"]
[BlackFideId "4193423"]
[EventDate "2025.06.24"]

1. d4 d5 2. Nf3 Nf6 3. c4 e6 4. g3 Be7 5. Bg2 O-O 6. O-O dxc4 7. Na3 c5 8. Nxc4
Nc6 9. Nfe5 Nxd4 10. e3 Nf5 11. Bd2 Rb8 12. Ba5 Qxd1 13. Rfxd1 b6 14. Nc6 Rb7
15. Bc3 Nd5 16. e4 Nxc3 17. bxc3 Nh6 18. e5 Rc7 19. Nd6 Ba6 20. a4 Nf5 21. a5
Bb7 22. Nxe7+ Rxe7 23. Nxb7 Rb8 24. a6 g5 25. Be4 Ng7 26. Rd2 Ne8 27. Rad1 Kf8
28. Rd8 Rxd8 29. Rxd8 Kg7 30. Ra8 Nc7 31. Rxa7 Nb5 32. Ra8 Nc7 33. Nd6 Nxa8 34.
Bxa8 f6 35. Bb7 1-0

[Event "Titled Tue 24th Jun Early"]
[Site "chess.com INT"]
[Date "2025.06.24"]
[Round "7"]
[White "Blackburn, Jonathan L B"]
[Black "Moreira, Ronaldo Alonso"]
[Result "1-0"]
[WhiteTitle "FM"]
[WhiteElo "2207"]
[BlackElo "2094"]
[WhiteFideId "1801090"]
[BlackFideId "2110547"]
[EventDate "2025.06.24"]

1. d4 Nf6 2. Nf3 d5 3. c4 e6 4. Nc3 Bb4 5. cxd5 exd5 6. Bg5 h6 7. Bh4 g5 8. Bg3
Ne4 9. Nd2 Bxc3 10. bxc3 Nxg3 11. hxg3 Bf5 12. Qb3 b6 13. e3 Qd6 14. c4 c6 15.
cxd5 cxd5 16. Bb5+ Bd7 17. Rc1 a6 18. Bd3 b5 19. Nf3 Nc6 20. Nxg5 Qb4+ 21. Qxb4
Nxb4 22. Bb1 Ke7 23. Nf3 Rac8 24. Kd2 Nc6 25. Nh4 Na5 26. Bf5 Nc4+ 27. Ke2 Bxf5
28. Nxf5+ Kf6 29. Nxh6 Kg6 30. Ng4 1-0

[Event "Titled Tue 24th Jun Early"]
[Site "chess.com INT"]
[Date "2025.06.24"]
[Round "7"]
[White "Moroni, Luca Jr"]
[Black "Gasparyan, Erik R."]
[Result "0-1"]
[WhiteTitle "GM"]
[BlackTitle "IM"]
[WhiteElo "2549"]
[BlackElo "2372"]
[WhiteFideId "865834"]
[BlackFideId "13315730"]
[EventDate "2025.06.24"]

1. d4 Nf6 2. Bf4 d5 3. e3 c5 4. dxc5 Nc6 5. Bb5 e6 6. b4 Bd7 7. c3 a5 8. Qb3 Ne4
9. f3 Nf6 10. Ne2 Nh5 11. Nd2 Be7 12. O-O O-O 13. Rad1 Nxf4 14. Nxf4 axb4 15.
cxb4 Nd4 16. exd4 Bxb5 17. Nd3 Ba4 18. Qb2 Bxd1 19. Rxd1 Qd7 20. b5 Ra5 21. Rb1
Rfa8 22. Ne5 Qe8 23. c6 Rxa2 24. Qc1 bxc6 25. bxc6 Bg5 26. Rb2 Ra1 27. Rb1 Bxd2 0-1

[Event "Titled Tue 24th Jun Early"]
[Site "chess.com INT"]
[Date "2025.06.24"]
[Round "7"]
[White "Marin Ferragut, Pau"]
[Black "Khanbutaev, Artemii"]
[Result "1-0"]
[WhiteTitle "FM"]
[WhiteElo "2380"]
[BlackElo "2139"]
[WhiteFideId "54716020"]
[BlackFideId "55747175"]
[EventDate "2025.06.24"]

1. Nf3 Nf6 2. c4 e6 3. g3 d5 4. Bg2 Be7 5. O-O O-O 6. d3 c5 7. cxd5 exd5 8. d4
Nc6 9. Nc3 Bg4 10. Be3 Bxf3 11. Bxf3 cxd4 12. Bxd4 Nxd4 13. Qxd4 Qa5 14. Nxd5
Nxd5 15. Qxd5 Qxd5 16. Bxd5 Rad8 17. e4 g6 18. Rac1 Rc8 19. Bxb7 Rb8 20. Rc7 Bd6
21. Rd7 Rfd8 22. Rxd8+ Rxd8 23. Rd1 Kf8 24. Kg2 Ke7 25. Bd5 Rc8 26. Bb3 f6 27.
f4 a5 28. Kf3 Rb8 29. Rd2 g5 30. Kg4 h5+ 31. Kf5 gxf4 32. gxf4 Rb5+ 33. Bd5 a4
34. Rg2 a3 35. b3 Bb4 36. Rg7+ Kf8 37. Rf7+ Ke8 38. Rxf6 Rc5 39. Rc6 Rxc6 40.
Bxc6+ Ke7 41. e5 Bd2 42. Ke4 h4 43. h3 Bc3 44. f5 Bb2 45. f6+ Kf7 46. Kf5 Kf8
47. e6 1-0

[Event "Titled Tue 24th Jun Early"]
[Site "chess.com INT"]
[Date "2025.06.24"]
[Round "7"]
[White "Mohamed, Anees M"]
[Black "Hansen, Eric"]
[Result "0-1"]
[WhiteTitle "FM"]
[BlackTitle "GM"]
[WhiteElo "2431"]
[BlackElo "2609"]
[WhiteFideId "35065815"]
[BlackFideId "2606771"]
[EventDate "2025.06.24"]

1. Nf3 Nf6 2. g3 g6 3. Bg2 Bg7 4. O-O O-O 5. b3 d5 6. Bb2 Bg4 7. d3 c5 8. Nbd2
Nc6 9. h3 Bf5 10. Re1 d4 11. e3 dxe3 12. fxe3 Qc7 13. Nf1 Rad8 14. Qe2 b5 15. e4
Bc8 16. a4 a6 17. axb5 axb5 18. Qf2 Nxe4 19. Rxe4 Bxb2 20. Rb1 Bd4 21. Nxd4 cxd4
22. Qd2 f5 23. Rh4 e5 24. Ra1 f4 25. gxf4 Qe7 26. Qe1 Nb4 27. Rc1 Rde8 28. fxe5
Qg5 29. Re4 Bxh3 30. Re2 Nd5 31. Qg3 Rxf1+ 32. Kh2 Qxg3+ 33. Kxg3 Bxg2 0-1

[Event "Titled Tue 24th Jun Early"]
[Site "chess.com INT"]
[Date "2025.06.24"]
[Round "7"]
[White "Sydykov, Bayastan"]
[Black "Le, Tuan Minh"]
[Result "0-1"]
[WhiteTitle "FM"]
[BlackTitle "GM"]
[WhiteElo "2301"]
[BlackElo "2598"]
[WhiteFideId "13829610"]
[BlackFideId "12401153"]
[EventDate "2025.06.24"]

1. e4 e5 2. Nf3 Nc6 3. Bb5 a6 4. Ba4 Bc5 5. c3 Nge7 6. d4 exd4 7. cxd4 Bb4+ 8.
Nc3 d5 9. exd5 Nxd5 10. O-O O-O 11. Nxd5 Qxd5 12. h3 Bd6 13. Bb3 Qh5 14. Be3 Qg6
15. Kh1 Re8 16. Re1 h6 17. Rc1 Bd7 18. a3 Re7 19. d5 Ne5 20. Bd4 Nxf3 21. Rxe7
Nh4 22. g3 Bxe7 23. Bc2 Nf5 24. g4 Qd6 25. gxf5 Qxd5+ 26. Kg1 Bc6 27. f3 Bg5 28.
Be4 Qd6 29. Rc3 Rd8 30. Rd3 Bxe4 31. fxe4 c5 32. h4 Bf4 0-1

[Event "Titled Tue 24th Jun Early"]
[Site "chess.com INT"]
[Date "2025.06.24"]
[Round "7"]
[White "Materia, Marco"]
[Black "Ugarte Soto, Cesar"]
[Result "1-0"]
[WhiteTitle "IM"]
[BlackTitle "CM"]
[WhiteElo "2489"]
[BlackElo "2088"]
[WhiteFideId "45150451"]
[BlackFideId "3601331"]
[EventDate "2025.06.24"]

1. b3 e5 2. Bb2 Nc6 3. e3 Nge7 4. c4 d6 5. Ne2 g6 6. d4 Bg7 7. d5 Nb8 8. Nbc3
O-O 9. g3 Bg4 10. Bg2 Qc8 11. h3 Bf5 12. g4 Bd7 13. Qc2 Na6 14. a3 Rb8 15. b4 c5
16. dxc6 Bxc6 17. e4 Bd7 18. Qb3 Be6 19. Nd5 Nxd5 20. cxd5 Bd7 21. f4 Bb5 22.
fxe5 Bxe2 23. Kxe2 dxe5 24. d6 Qd7 25. Rad1 Rbd8 26. Rhf1 Nb8 27. b5 b6 28. Kf2
Kh8 29. Kg1 f5 30. exf5 gxf5 31. gxf5 Rxf5 32. Rxf5 Qxf5 33. Qd5 Nd7 34. Rf1 Qc2
35. Rf2 Qb1+ 36. Kh2 Qg6 37. Qf7 Qxd6 38. Kg1 Qd1+ 39. Rf1 Qd2 40. Qf2 Qd6 41.
Qg3 1-0

[Event "Titled Tue 24th Jun Early"]
[Site "chess.com INT"]
[Date "2025.06.24"]
[Round "7"]
[White "Berg, Vadim Daskevich"]
[Black "Bacus, Dharim"]
[Result "1-0"]
[WhiteTitle "IM"]
[BlackTitle "FM"]
[WhiteElo "2445"]
[BlackElo "2131"]
[WhiteFideId "11601965"]
[BlackFideId "5201527"]
[EventDate "2025.06.24"]

1. e4 e5 2. Nf3 Nc6 3. Bc4 Bc5 4. d3 Nf6 5. Nc3 d6 6. Na4 Bb6 7. a3 h6 8. h3 Be6
9. Bxe6 fxe6 10. c3 O-O 11. O-O Qe8 12. b4 Nh5 13. Ra2 Nf4 14. Bxf4 Rxf4 15.
Nxb6 axb6 16. a4 b5 17. a5 Qg6 18. Re1 Raf8 19. Re3 Qh5 20. a6 bxa6 21. Rxa6 Ne7
22. Qe2 Ng6 23. d4 exd4 24. cxd4 e5 25. d5 Kh8 26. Qxb5 Rxf3 27. Rxf3 Rxf3 28.
gxf3 Qxf3 29. Ra8+ Kh7 30. Qd7 Qxe4 31. Qe6 Nf4 32. Qg4 Qxd5 33. Re8 Qc6 34. Re7
Ng6 35. Re6 Qc1+ 36. Kh2 Qc2 37. Kg3 Nf4 38. Re7 Qd3+ 39. Kh2 Ng6 40. Rxc7 Qd2
41. Qf5 1-0

[Event "Titled Tue 24th Jun Early"]
[Site "chess.com INT"]
[Date "2025.06.24"]
[Round "7"]
[White "Otdelnov, Kirill"]
[Black "Makarian, Rudik"]
[Result "0-1"]
[WhiteTitle "FM"]
[BlackTitle "IM"]
[WhiteElo "2273"]
[BlackElo "2524"]
[WhiteFideId "24280216"]
[BlackFideId "44105681"]
[EventDate "2025.06.24"]

1. Nf3 Nf6 2. g3 d5 3. Bg2 e6 4. O-O Be7 5. c4 O-O 6. b3 c6 7. Bb2 b5 8. Qc2 Bb7
9. d4 a5 10. Ne5 Nfd7 11. Rd1 Nxe5 12. dxe5 Nd7 13. e4 dxc4 14. bxc4 Qc8 15. Nc3
Nb6 16. cxb5 cxb5 17. Rac1 b4 18. Nb5 Qxc2 19. Rxc2 Rac8 20. Rdc1 Rxc2 21. Rxc2
Rc8 22. Rc1 Na4 23. Rxc8+ Bxc8 24. Bd4 Bc5 25. Bxc5 Nxc5 26. Nd6 Ba6 27. Bf1 a4
28. Bxa6 b3 29. axb3 a3 30. b4 Nxa6 31. b5 Nc5 32. b6 a2 0-1

[Event "Titled Tue 24th Jun Early"]
[Site "chess.com INT"]
[Date "2025.06.24"]
[Round "7"]
[White "Melillo, Lucius"]
[Black "Verbova, Elena"]
[Result "0-1"]
[WhiteTitle "FM"]
[BlackTitle "WFM"]
[WhiteElo "2170"]
[BlackElo "2033"]
[WhiteFideId "30958245"]
[BlackFideId "14203677"]
[EventDate "2025.06.24"]

1. d4 e6 2. Nc3 d5 3. Bf4 a6 4. e3 Nf6 5. g4 b5 6. g5 Nfd7 7. h4 c5 8. Bg2 Nc6
9. h5 b4 10. Nce2 Nb6 11. Nf3 Bd6 12. Ne5 Nxe5 13. dxe5 Be7 14. g6 hxg6 15. hxg6
Rxh1+ 16. Bxh1 fxg6 17. Ng3 g5 18. Qh5+ Kd7 19. O-O-O Bb7 20. Bxg5 Bxg5 21. f4
Be7 22. f5 Qe8 23. fxe6+ Kc7 24. Qg4 g6 25. Rf1 Nc4 26. Rf7 Kb6 27. Qxg6 Nxe5
28. Qh6 Nxf7 29. exf7+ Qc6 30. Qg7 Qf6 31. Qg4 Bd6 32. Nf5 Be5 33. c4 Bxb2+ 34.
Kb1 Ba3 35. cxd5 Qb2# 0-1

[Event "Titled Tue 24th Jun Early"]
[Site "chess.com INT"]
[Date "2025.06.24"]
[Round "7"]
[White "Priansh, Das"]
[Black "Winkels, Marcel"]
[Result "1-0"]
[WhiteTitle "FM"]
[BlackTitle "CM"]
[WhiteElo "2300"]
[BlackElo "1905"]
[WhiteFideId "45029946"]
[BlackFideId "1003887"]
[EventDate "2025.06.24"]

1. Nf3 d5 2. g3 Nf6 3. Bg2 c6 4. c4 Bf5 5. O-O e6 6. b3 Bd6 7. Bb2 Nbd7 8. d3
O-O 9. Nbd2 h6 10. Re1 Bh7 11. e4 dxe4 12. dxe4 e5 13. Qe2 Qc7 14. Nf1 Nxe4 15.
Nxe5 Bxe5 16. Bxe4 Bxe4 17. Bxe5 Qxe5 18. Qxe4 Rfe8 19. Qxe5 Rxe5 20. Rad1 Rae8
21. Ne3 Nf6 22. h3 Ne4 23. Kg2 h5 24. Rd4 Nc3 25. g4 Nxa2 26. Ra1 Nc3 27. Rxa7
R5e7 28. Nf5 Rc7 29. gxh5 Ne2 30. Rg4 f6 31. h6 g5 32. h4 Nf4+ 33. Kf3 Rd7 34.
hxg5 fxg5 35. Rxg5+ Kh7 36. Kxf4 Re2 37. Rg7+ Rxg7 38. hxg7 Rxf2+ 39. Ke5 Re2+
40. Kf6 Rf2 41. Ra8 Rg2 42. Rh8# 1-0

[Event "Titled Tue 24th Jun Early"]
[Site "chess.com INT"]
[Date "2025.06.24"]
[Round "7"]
[White "Kononenko, Dmitry2"]
[Black "Kornev, Alexei"]
[Result "0-1"]
[WhiteTitle "FM"]
[BlackTitle "GM"]
[WhiteElo "2205"]
[BlackElo "2500"]
[WhiteFideId "14113538"]
[BlackFideId "4120949"]
[EventDate "2025.06.24"]

1. d4 Nf6 2. c4 e6 3. g3 d5 4. Nf3 Bb4+ 5. Bd2 Be7 6. Bg2 O-O 7. O-O c6 8. Qc2
Nbd7 9. Rd1 b6 10. Bf4 Bb7 11. Ne5 Nxe5 12. Bxe5 Rc8 13. cxd5 cxd5 14. Nc3 b5
15. Qb3 a6 16. Rac1 Nd7 17. Bf4 Nb6 18. e4 dxe4 19. Nxe4 Bd5 20. Rxc8 Qxc8 21.
Qe3 Qa8 22. Bf3 Nc4 23. Qe2 Nxb2 24. Qxb2 Bxe4 25. Bxe4 Qxe4 26. Qc3 Qd5 27. Rd2
Rd8 28. h4 h6 29. Be5 Bd6 30. Re2 Bxe5 31. dxe5 Qd1+ 32. Re1 Qd2 33. Qxd2 Rxd2
34. Ra1 Re2 35. Kg2 Rxe5 36. a4 b4 37. Rc1 Ra5 38. Ra1 Kf8 39. Kf3 Ke7 40. Ke3
Rc5 41. a5 Rb5 42. Kd3 b3 43. Rb1 Kd6 44. Rb2 Kd5 45. Kc3 Kc5 46. h5 Rb4 47. f3
f6 48. g4 e5 49. Kd3 Kb5 50. Kc3 Kxa5 51. Rd2 b2 52. Rd5+ 0-1

[Event "Titled Tue 24th Jun Early"]
[Site "chess.com INT"]
[Date "2025.06.24"]
[Round "7"]
[White "Roebers, Eline"]
[Black "Chitre Arush"]
[Result "1-0"]
[WhiteTitle "IM"]
[BlackTitle "CM"]
[WhiteElo "2356"]
[BlackElo "2151"]
[WhiteFideId "1058401"]
[BlackFideId "25959026"]
[EventDate "2025.06.24"]

1. e4 e5 2. Nf3 Nc6 3. Nc3 Nf6 4. a3 a6 5. d4 exd4 6. Nxd4 Bc5 7. Nb3 Ba7 8. Bg5
h6 9. Bh4 d6 10. Qe2 Nd4 11. Nxd4 Bxd4 12. Qd3 Be5 13. O-O-O g5 14. Bg3 Qe7 15.
f3 Be6 16. Bxe5 dxe5 17. Qe3 Rd8 18. Rxd8+ Qxd8 19. h4 g4 20. h5 Qd4 21. Qxd4
exd4 22. Ne2 gxf3 23. gxf3 c5 24. Nf4 Rg8 25. b4 cxb4 26. axb4 Ke7 27. Kd2 Nd7
28. Be2 Ne5 29. Ra1 Kf6 30. Ra5 Rg5 31. Nxe6 Rg2 32. Nxd4 Nc4+ 33. Kd3 Nxa5 34.
bxa5 Rh2 35. f4 Rh3+ 36. Kc4 Rh4 37. e5+ Ke7 38. Nf5+ 1-0

[Event "Titled Tue 24th Jun Early"]
[Site "chess.com INT"]
[Date "2025.06.24"]
[Round "7"]
[White "Gubajdullin, Alexei"]
[Black "Mishra, Manoj"]
[Result "0-1"]
[WhiteTitle "FM"]
[BlackTitle "CM"]
[WhiteElo "2233"]
[BlackElo "1941"]
[WhiteFideId "4141202"]
[BlackFideId "5006007"]
[EventDate "2025.06.24"]

1. Nf3 d5 2. g3 Nd7 3. Bg2 e5 4. O-O Bd6 5. d3 Ngf6 6. Nbd2 O-O 7. e4 d4 8. Nc4
Qe7 9. a4 Nb6 10. Nxd6 Qxd6 11. a5 Nbd7 12. a6 b6 13. c3 c5 14. Nd2 Ne8 15. Nc4
Qc7 16. f4 f6 17. fxe5 fxe5 18. Rxf8+ Kxf8 19. Qh5 Nef6 20. Qh4 b5 21. Nd2 c4
22. cxd4 c3 23. Nf3 exd4 24. e5 Nxe5 25. Bf4 cxb2 26. Rf1 Nxf3+ 27. Bxf3 Qc2 28.
Bd6+ Kg8 29. Bd5+ Kh8 30. Qe4 b1=Q 31. Qh4 Qxf1+ 32. Kxf1 Qxd3+ 33. Kg1 Qe3+ 34.
Kg2 Qe2+ 35. Kg1 Bh3 36. Qxh3 Nxd5 0-1

[Event "Titled Tue 24th Jun Early"]
[Site "chess.com INT"]
[Date "2025.06.24"]
[Round "7"]
[White "Exposito Milan, Adrian"]
[Black "Ladan, Nicholas"]
[Result "0-1"]
[WhiteTitle "FM"]
[WhiteElo "2179"]
[BlackElo "2218"]
[WhiteFideId "24556645"]
[BlackFideId "30918855"]
[EventDate "2025.06.24"]

1. d4 d5 2. c4 e6 3. g3 Bb4+ 4. Bd2 a5 5. Bg2 Nf6 6. Nf3 O-O 7. O-O dxc4 8. Qc2
b5 9. Nc3 c6 10. Ne5 Ra6 11. Bf4 Nd5 12. Nxd5 exd5 13. Nxc4 dxc4 14. Bxb8 Qxd4
15. Rfd1 Qf6 16. Be4 g6 17. Bf4 Re8 18. h4 Bf5 19. Bxf5 Qxf5 20. Qxf5 gxf5 21.
e3 Ra7 22. a4 c3 23. bxc3 Bxc3 24. Rac1 b4 25. Rd3 Kg7 26. Kg2 Re6 27. Kf3 c5
28. Rdxc3 bxc3 29. Rxc3 Rc6 30. Be5+ f6 31. Bf4 Rb7 32. Rc2 c4 33. Rd2 c3 34.
Rc2 Rb2 0-1

[Event "Titled Tue 24th Jun Early"]
[Site "chess.com INT"]
[Date "2025.06.24"]
[Round "7"]
[White "Jasinski, Alexander"]
[Black "Fizer, Marek"]
[Result "1-0"]
[BlackTitle "CM"]
[WhiteElo "1989"]
[BlackElo "2186"]
[WhiteFideId "55627994"]
[BlackFideId "391980"]
[EventDate "2025.06.24"]

1. e4 e6 2. d4 d5 3. exd5 exd5 4. Nf3 Nf6 5. c4 Bb4+ 6. Bd2 Bxd2+ 7. Nbxd2 O-O
8. Be2 dxc4 9. Nxc4 b6 10. O-O Bb7 11. Ne3 Nbd7 12. Rc1 Nd5 13. Bc4 N7f6 14.
Nxd5 Nxd5 15. Bxd5 Bxd5 16. b3 Rc8 17. Qd3 Bxf3 18. gxf3 Qg5+ 19. Kh1 Qd5 20.
Rg1 c5 21. Rg4 cxd4 22. Rxc8 Rxc8 23. Rxd4 Qg5 24. Rg4 Qc1+ 25. Kg2 g6 26. h4
Qc5 27. a4 Re8 28. Rc4 Qh5 29. Qd7 Qe5 30. Qxa7 Re6 31. Re4 Qf5 32. Rxe6 Qxe6
33. b4 Qd6 34. a5 Qxb4 35. axb6 Qxh4 36. Qb8+ Kg7 37. Qe5+ f6 38. Qc7+ Kh6 39.
b7 Qg5+ 40. Qg3 Qb5 41. b8=Q 1-0